Oxford dictionary of current idiomatic English : Vol.1 :

Bibliographic Details
Other Authors: Cowie, A. P. (Editor), Mackin, R. (Editor)
Format: Book
Language:English
Published: Oxford : Oxford University Press 1985
Subjects:

MARC

LEADER 00000cam a2200000 7i4500
001 0000000599
005 20240919.0
008 991124 enk eng
020 |a 0194311465 (pbk) 
040 |a INS   |b eng   |e rda 
090 0 0 |a RPE1682   |b .O94 1985 
245 0 0 |a Oxford dictionary of current idiomatic English :   |b Vol.1 :   |b Phrasal Verbs   |c A. P. Cowie, R. Mackin 
264 1 |a Oxford :   |b Oxford University Press   |c 1985 
300 |a ixxxi, 396 pages ;   |c 21 cm. 
336 |a text  |2 rdacontent 
337 |a unmediated  |2 rdamedia 
338 |a volume  |2 rdacarrier 
650 0 |a English language   |x Idioms, corrections, erross 
700 1 |a Cowie, A. P. ,   |e editor 
700 1 |a Mackin, R. ,   |e editor 
999 |a 0000004766   |b BOOK   |c Red Spot   |e Default branch